Governors of Virginia Quiz - Statistics

General Stats
  • This quiz has been taken 106 times
    74 since last reset
  • The average score is 22 of 72
Answer Stats
Years Governor % Correct
2021– Glenn Youngkin
95%
1779–1781 Thomas Jefferson
93%
2018–2021 Ralph Northam
78%
1799–1802, 1811 James Monroe
75%
2006–2010 Tim Kaine
75%
2014–2018 Terry McAuliffe
73%
2002–2006 Mark Warner
62%
2010–2014 Bob McDonnell
56%
1776–1779, 1784–1786 Patrick Henry
56%
1886–1890 Fitzhugh Lee
53%
1791–1794 Henry Lee III
53%
1994–1998 George Allen
49%
1898–1902 James Hoge Tyler
49%
1962–1966 Albertis Harrison
47%
1811 George William Smith
47%
1825–1827 John Tyler
47%
1808–1811 John Tyler, Sr.
47%
1846–1849, 1864–1865 William Smith
47%
1781–1784 Benjamin Harrison V
45%
1852–1856 Joseph Johnson
45%
1990–1994 Douglas Wilder
42%
1926–1930 Harry F. Byrd
42%
1998–2002 Jim Gilmore
38%
1918–1922 Westmoreland Davis
36%
1788–1791 Beverley Randolph
35%
1786–1788 Edmund Randolph
35%
1819–1822 Thomas Mann Randolph, Jr.
35%
1982–1986 Chuck Robb
33%
1986–1990 Gerald Baliles
29%
1781 Thomas Nelson, Jr.
27%
1966–1970, 1974–1978 Mills Godwin
25%
1956–1860 Henry A. Wise
24%
1978–1982 John Dalton
24%
1970–1974 Linwood Holton
24%
1827–1830 William Branch Giles
22%
1914–1918 Henry Carter Stuart
20%
1938–1942 James H. Price
20%
1834–1836 Littleton Waller Tazewell
20%
1796–1799 James Wood
18%
1958–1962 J. Lindsay Almond
18%
1849–1852 John B. Floyd
18%
1830–1834 John Floyd
18%
1950–1954 John S. Battle
18%
1837–1840 David Campbell
16%
1922–1926 Elbert Lee Trinkle
16%
1934–1938 George C. Peery
16%
1869–1874 Gilbert Carlton Walker
16%
1930–1934 John Garland Pollard
16%
1802–1805 John Page
16%
1794–1796 Robert Brooke
16%
1954–1958 Thomas B. Stanley
16%
1805–1808 William H. Cabell
16%
1910–1914 William Hodges Mann
16%
1946–1950 William M. Tuck
16%
1814–1816 Wilson Cary Nicholas
16%
1902–1906 Andrew Jackson Montague
15%
1906–1910 Claude A. Swanson
15%
1942–1946 Colgate Darden
15%
1868–1869 Henry H. Wells
15%
1812–1814 James Barbour
15%
1874–1878 James L. Kemper
15%
1843–1846 James McDowell
15%
1816–1819 James Patton Preston
15%
1822–1825 James Pleasants
15%
1860–1864 John Letcher
15%
1882–1886 William E. Cameron
15%
1781 William Fleming
15%
1894–1898 Charles Triplett O'Ferrall
13%
1861–1868 Francis Harrison Pierpont
13%
1878–1882 Frederick W. M. Holliday
13%
1890–1894 Philip W. McKinney
13%
1840–1841 Thomas Walker Gilmer
13%
No matching quizzes found
Score Distribution
Percent of People with Each Score
Percentile by Number Answered
Your Score History
You have not taken this quiz since the last reset